Bonne Couleur ? - Mort Subite (Test de Stroop) - Statistiques

Statistiques générales
  • Ce quiz a été pris 2 034 fois
  • Le résultat moyen est 11 sur 20
Answers on the Grid
Answers color-coded by a green-red scale on the quiz's grid according to % correct below.
Bleu
Rouge
Jaune
Vert
Violet
Noir
Orange
Vert
Rouge
Blanc
Jaune
Marron
Bleu
Gris
Noir
Rouge
Rose
Jaune
Vert
Marron
Blanc
Orange
Violet
Rose
Jaune
Rouge
Vert
Orange
Noir
Rose
Gris
Rouge
Bleu
Rouge
Jaune
Jaune
Vert
Marron
Orange
Vert
Violet
Rose
Blanc
Noir
Rose
Vert
Bleu
Marron
Bleu
Jaune
 
Statistiques - réponses
Réponse % Correct
Bleu
64%
Bleu
63%
Bleu
62%
Bleu
61%
Rouge
61%
Bleu
60%
Rouge
57%
Orange
56%
Noir
55%
Jaune
55%
Vert
54%
Vert
54%
Jaune
52%
Violet
46%
Rose
44%
Rose
44%
Violet
44%
Marron
43%
Marron
43%
Rose
41%
Aucun quiz correspondant
Distribution des résultats
% des personnes avec chaque résultat
Percentile par nombre de réponses
Votre historique - résultats
Vous n’avez pas pris ce quiz